000 00706nam a22001577a 4500
003 OSt
005 20151104163631.0
008 151104b xxu||||| |||| 00| 0 eng d
040 _cRUA
082 _aFOR KUM 1999 B126 Or.1
100 _93378
_aKUM, CHANRATH.
245 _aStudy on silviculture knowledeg implementation for local community in tram kak district takeo province, សិក្សាពីចំនេះដឹងរុក្ខវប្បកម្មដែលអនុវត្តដោយប្រជាជនសហកមន៍នៅស្រុកត្រាំកក់ ខេត្តតាកែវ
260 _aPhnom Penh
_bRUA
_c1999
300 _a67p.
_bill.
_c29cm.
942 _2ddc
_cFOR
999 _c3151
_d3151